Aryna Sabalenka - Statistiques

Statistiques générales
  • Ce quiz a été pris 26 fois
  • Le résultat moyen est 10 sur 15
Statistiques - réponses
Hint Réponse % Correct
Nationalité Biélorusse
100%
Titres du Grand Chelem en double 2
89%
Titres du Grand Chelem en simple 3
89%
Taille (en mètres) 1,82
83%
En quel année est-elle devenue N°1 mondiale pour la première fois ? 2023
83%
Titres WTA en simple 20
78%
En quel année est-elle entrée dans le top 10 ? 2019
78%
Date de naissance 5 mai 1998
78%
Titres en double 6
78%
Son animal totem Le tigre
78%
Prise de raquette Droitière
61%
Entraineur Anton Dubrov
44%
Victoires contre le top 10 48
28%
Son livre préféré Le compte de Monte-Cristo
11%
Sa citation la plus célèbre (en anglais) Never give up and just stay aggressive, stay hungry and push yourself no matter what's going on in your life.
0%
Aucun quiz correspondant
Distribution des résultats
% des personnes avec chaque résultat
Percentile par nombre de réponses
Votre historique - résultats
Vous n’avez pas pris ce quiz